00445nam a22001457a 4500003000400000005001700004008004100021040002900062050002200091100001900113245005300132260004300185300001100228650006000239OSt20251118155111.0251118b |||||||| |||| 00| 0 eng d cChuka University Library aPS 2600 .F38 1938 aAllen, Harvey. aThe Complete Tales and Poems of Edgar Allan Poe. aCanada- USA.bRandom House, Incc1938. a1026p. a1. Horror Tales, American. 2. Fantasy Poetry, American.